000 00516nam a2200181Ia 4500
005 20250326143154.0
008 250326s9999 xx 000 0 und d
037 _aTextbook
040 _aFMSL
_beng
_cFMSL
041 _aeng
_2eng
084 _aX625.44 M5
_qFMSL
100 _aUpadhyaya R
_9172084
245 0 _aManagement of commercial banks in India
_cUpadhyaya R
260 _aNew Delhi
_bNew Delhi, Deep & Deep
_c1985
300 _a280p
942 _cTB
_hX625.44 M5
999 _c1298439
_d1298439